Prehliadka festivalových filmov Piešťany 19.-26.VII.1959

Bibliographic Details
Corporate Author: Kultúrne a spoločenské stredisko (Piešťany, Slovensko) (Author)
Format: Book
Language:Slovak
PhysicalDescription:15 strán fotografie 21 cm
Published: Piešťany Kultúrne a spoločenské stredisko 1959
Subjects:

MARC

LEADER 00000cam a2200000 a 4500
001 vtls011916637
003 SK-MaSNL
005 20260302023307.0
008 250311s1959 xo o g 000 0 slo
015 |a SNBA1959 
020 |q (brožované) 
035 |a urn:nbn:sk:snk-am00dyoe 
035 |a urn:nbn:sk:snk-am3i9oj 
035 |a ECF9F2BF-76D2-4671-9EF2-1F281D9CC635 
040 |a SNK  |b slo  |c SNK  |e AACR2 
041 0 |a slo 
043 |a e-xo--- 
044 |a xo  |c SK 
072 7 |a 791  |x Film. Cirkus. Ľudová zábava  |2 konspekt 
080 |a 791.65.079  |2 2001 
080 |a (437.6)  |2 2011 
080 |a (041)  |2 2011 
110 2 |a Kultúrne a spoločenské stredisko (Piešťany, Slovensko)  |4 aut  |9 193008 
245 1 0 |a Prehliadka festivalových filmov  |b Piešťany 19.-26.VII.1959 
260 |a Piešťany  |b Kultúrne a spoločenské stredisko  |c 1959 
300 |a 15 strán  |b fotografie  |c 21 cm 
500 |a Obsahuje reklamy 
648 7 |a 1959  |2 SNKPH  |9 307669 
650 0 7 |a filmové festivaly a prehliadky  |2 SNKPH  |9 3405 
651 7 |a Piešťany (Slovensko)  |2 SNKPHgeo  |9 23981 
655 7 |a brožúry  |2 SNKPH  |9 70146 
852 |a Slovenská národná knižnica 
958 |a RK 
958 |a TL 
958 |a SP 
958 |a OND 
999 |c 1036004  |d 1037934 
952 |a SNK  |b SNK  |y PREZ  |7 0  |p 17A0845359  |o snkSC 13471  |i snkKSP 2771/[59]  |0 0  |1 0  |4 0  |d 2020-02-10  |f 1  |l 0  |r 2025-07-16 00:00:00  |w 2026-02-24